[Event "Karpos Open 2013"]
[Site "Skopje MKD"]
[Date "2013.03.13"]
[Round "6.1"]
[White "Georgiev,Ki"]
[Black "Yemelin,V"]
[Result "1/2-1/2"]
[WhiteElo "2657"]
[BlackElo "2574"]

1.d4 Nf6 2.c4 e6 3.Nf3 b6 4.Nc3 Bb4 5.Qc2 Bb7 6.a3 Bxc3+ 7.Qxc3 d6 8.g3 Nbd7
9.Bg2 c5 10.dxc5 Nxc5 11.O-O Rc8 12.Be3 O-O 13.Rac1 Qe7 14.b3 d5 15.Qb2 dxc4
16.Rxc4 Bd5 17.Bxc5 bxc5 18.Rc2 Qb7 19.Rfc1 Nd7 20.b4 cxb4 21.Qxb4 Nb6 22.Ne1 Bxg2
23.Nxg2 Rxc2 24.Rxc2 h6 25.Nf4 Rc8 26.Rc5 Rxc5 27.Qxc5 Qe4 28.Qe7 e5 29.Nd3 Qxe2
30.Nxe5 Qd1+ 31.Kg2 Qd5+ 32.Kh3 f6 33.Qe8+ Kh7 34.Qg6+ Kg8 35.Qe8+ Kh7 36.Qg6+ Kg8
37.Qe8+  1/2-1/2

[Event "13th European Seniors"]
[Site "Plovdiv BUL"]
[Date "2013.03.14"]
[Round "4"]
[White "Ljangov,P"]
[Black "Berkovich,M"]
[Result "0-1"]
[WhiteElo "2059"]
[BlackElo "2354"]

1.Nf3 Nf6 2.c4 e6 3.d4 b6 4.Nc3 Bb4 5.Bd2 O-O 6.g3 Ba6 7.Qb3 c5 8.a3 Bxc3
9.Bxc3 cxd4 10.Nxd4 Qc8 11.Nb5 Qc6 12.f3 d5 13.Nd4 Qxc4 14.Qxc4 Bxc4 15.e3 Bxf1
16.Rxf1 Nbd7 17.Ke2 Rfc8 18.Rac1 Ne8 19.Bd2 Ne5 20.Rxc8 Rxc8 21.Rc1 Rxc1
22.Bxc1 Nc7 23.b3 Kf8 24.Bb2 f6 25.h3 Ke8 26.Bc3 Kd7 27.g4 Nc6 28.Nc2 e5
29.a4 Ke6 30.f4 g6 31.fxe5 fxe5 32.Ne1 d4 33.exd4 Nxd4+ 34.Bxd4 exd4 35.Nf3 Kd5
36.Ng5 h6 37.Nf3 Ne6 38.Nh4 Ke4 39.Kd2 Nf4 40.b4 a6  0-1

[Event "ch-CRO w 2013"]
[Site "Rijeka CRO"]
[Date "2013.03.15"]
[Round "8"]
[White "Ivekovic,T"]
[Black "Purgar,I"]
[Result "1/2-1/2"]
[WhiteElo "1977"]
[BlackElo "2144"]

1.d4 Nf6 2.c4 e6 3.Nf3 b6 4.Nc3 Bb7 5.e3 d5 6.cxd5 exd5 7.Bd3 Bd6 8.O-O O-O
9.Nb5 Re8 10.Nxd6 Qxd6 11.b3 Ba6 12.Bb2 Bxd3 13.Qxd3 Nbd7 14.Ne5 Ne4  1/2-1/2

[Event "86th ch-St Petersburg"]
[Site "St Petersburg RUS"]
[Date "2013.03.17"]
[Round "7.6"]
[White "Bazeev,G"]
[Black "Lobanov,Sergei"]
[Result "1-0"]
[WhiteElo "2339"]
[BlackElo "2148"]

1.d4 Nf6 2.Nf3 e6 3.c4 b6 4.Nc3 Bb7 5.e3 Bb4 6.Bd3 O-O 7.O-O d5 8.a3 Bxc3
9.bxc3 dxc4 10.Bxc4 Nbd7 11.a4 c5 12.Be2 Qc7 13.a5 Ng4 14.g3 Rad8 15.axb6 axb6
16.e4 Bxe4 17.Ng5 Ngf6 18.Bf4 Qc6 19.Nxe4 Qxe4 20.Bf3 Qf5 21.Bc7 Rc8 22.Bd6 Rfd8
23.Bb7 Ne4 24.Bxc8 Rxc8 25.dxc5 Nxc3 26.Qd2 Ne4 27.Qd3 bxc5 28.Bf4 Ndf6 29.Ra4 Re8
30.Bc1 Qd5 31.Qf3 Qc6 32.Ra3 Qb5 33.Re1 Nd6 34.Rb3 Qa5 35.Rd1 Nd5 36.Bb2 Qa4
37.Ra3 Qb4 38.Rb3 Qa4 39.Ra1 Qc4 40.Rc1 Qa4 41.Rxc5 h5 42.Rc1 Ne4 43.Rd3 Nef6
44.h3 Qb5 45.Rd2 e5 46.Qf5 g6 47.Qd3 Qb7 48.Re1 e4 49.Qd4 Re6 50.Rde2 Qe7
51.Ra1 Qe8 52.Ra5 Qd8 53.Rc5 Kh7 54.Rb5 Qd6 55.Rb7 Kg8 56.Qa7 Nc7 57.Qb8+ Nfe8
58.Re3 h4 59.Ba3 Qd7 60.Rb1 hxg3 61.Rxg3 f5 62.Qb3 Kh7 63.Rd1 Qf7 64.Bb2 Nf6
65.Rd8 Nce8 66.Rb8 Nd7 67.Rb7 Nef6 68.Qe3 Rd6 69.Qe2 Nd5 70.Qd2 Qe6 71.Qg5 Ne7
72.Qh4+ Kg8 73.Qh8+ Kf7 74.Ra7 Ra6 75.Qg7+ Ke8 76.Rxa6 Qxa6 77.Ba3  1-0

[Event "30th Ciocaltea Mem 2013"]
[Site "Bucharest ROU"]
[Date "2013.03.21"]
[Round "7.3"]
[White "Stanciu,Al"]
[Black "Ionescu,Co"]
[Result "1/2-1/2"]
[WhiteElo "2365"]
[BlackElo "2441"]

1.d4 Nf6 2.c4 e6 3.Nf3 b6 4.Nc3 Bb7 5.Bg5 Be7 6.Qc2 c5 7.O-O-O cxd4 8.Nxd4 a6
9.e4 Qc7 10.Kb1 h6 11.Bc1 d6 12.f4 Nbd7 13.Be2 O-O-O 14.Rhe1 Kb8 15.Bf1 g5  1/2-1/2

[Event "25th Metropolitan IM"]
[Site "Los Angeles USA"]
[Date "2013.03.21"]
[Round "3"]
[White "Kalantarian,No"]
[Black "Amanov,Z"]
[Result "1/2-1/2"]
[WhiteElo "2412"]
[BlackElo "2399"]

1.d4 Nf6 2.c4 e6 3.Nf3 b6 4.Nc3 Bb4 5.Bg5 Bb7 6.e3 Bxc3+ 7.bxc3 d6 8.Nd2 Nbd7
9.f3 h6 10.Bh4 Qe7 11.e4 e5 12.Be2 Qe6 13.Nf1 Nh5 14.Ne3 Nf4 15.Qc2 O-O 16.Bf2 Rae8
17.O-O Qg6 18.Bg3 Nh5 19.Bf2 Nf4 20.Bg3 Nh5  1/2-1/2

[Event "ch-Moscow 2013"]
[Site "Moscow RUS"]
[Date "2013.03.22"]
[Round "1.11"]
[White "Ageichenko,G"]
[Black "Naumkin,I"]
[Result "0-1"]
[WhiteElo "2287"]
[BlackElo "2490"]

1.Nf3 Nf6 2.c4 e6 3.d4 b6 4.Nc3 Bb7 5.g3 Bb4 6.Bd2 O-O 7.Bg2 a5 8.O-O Qe7
9.Rc1 Bxc3 10.Bxc3 Ne4 11.Be1 Na6 12.Ne5 f5 13.Nd3 c5 14.dxc5 Naxc5 15.Nxc5 bxc5
16.f3 Ng5 17.Bd2 Nf7 18.e4 fxe4 19.fxe4 d6 20.Bc3 e5 21.Qd2 a4 22.Rcd1 Bc6
23.b4 axb3 24.axb3 Qb7 25.Qc2 Rab8 26.Rb1 Ng5 27.Rxf8+ Rxf8 28.Re1 Nf3+ 29.Bxf3 Rxf3
30.Ba5 Rxb3 31.Bc7 Rb2 32.Qc3 Ra2 33.Bxd6 Bxe4 34.Qxe5 Qf7  0-1

[Event "25th Metropolitan IM"]
[Site "Los Angeles USA"]
[Date "2013.03.23"]
[Round "7"]
[White "Kalantarian,No"]
[Black "Viswanadha,Kesav"]
[Result "1-0"]
[WhiteElo "2412"]
[BlackElo "2149"]

1.d4 Nf6 2.c4 e6 3.Nf3 b6 4.Nc3 Bb7 5.Bg5 Be7 6.e3 h6 7.Bh4 Ne4 8.Bxe7 Qxe7
9.Qc2 Nxc3 10.Qxc3 O-O 11.Be2 d6 12.O-O Nd7 13.b4 c5 14.bxc5 bxc5 15.Rab1 Rab8
16.Qa5 a6 17.Rb3 cxd4 18.exd4 e5 19.Re3 Bxf3 20.Bxf3 Qd8 21.Qxd8 Rfxd8 22.dxe5 Nxe5
23.Bd5 Rdc8 24.Rfe1 g5 25.h3 Nxc4 26.Re7 Ne5 27.Rd1 Rb6 28.Ra7 Rcb8 29.Bb3 h5
30.Rc7 Kf8 31.Rd4 Kg7 32.f3 Kf8 33.h4 gxh4 34.Rxh4 R6b7 35.Rc3 Rb5 36.Rc7 R5b7
37.Rxb7 Rxb7 38.Rxh5 Rc7 39.Rh8+ Kg7 40.Ra8 Rc6 41.Ra7 Kg6 42.Kf2 f5 43.Ke3 Kf6
44.Kd4 Rb6 45.Ra8 Ke7 46.Rh8 Rb5 47.Rh7+ Kf6 48.Rh6+ Ng6 49.g3 Kg7 50.Rh5 Ne7
51.f4 Nc6+ 52.Kd3 Ne7 53.Rh1 Nd5 54.Rc1 Kf6 55.Kd4 Ne7 56.Rc7 Rb6 57.Rd7 a5
58.Kc3 Rc6+ 59.Kd3 Ra6 60.Bc4 Rb6 61.Ra7 d5 62.Bb3 Rb5 63.Ra6+ Kf7 64.Kd4 Kg7
65.Ke5 d4+ 66.Kxd4 Rb4+ 67.Kc5 Re4 68.Re6 Rxe6 69.Bxe6 Kf6 70.Bd7 Ng8 71.Kb5 Nh6
72.Kxa5 Ke7 73.Bc6 Kd6 74.Kb6 Ng4 75.a4 Ne3 76.Bb5 Nd5+ 77.Kb7 Nb4 78.a5 Kd5
79.a6 Nxa6 80.Bxa6 Ke4 81.Kc6  1-0

[Event "Nis Open 2013"]
[Site "Nis SRB"]
[Date "2013.03.24"]
[Round "5.12"]
[White "Arandjelovic,A"]
[Black "Krstic,Aca"]
[Result "1-0"]
[WhiteElo "1967"]
[BlackElo "1946"]

1.d4 Nf6 2.c4 e6 3.Nc3 b6 4.Nf3 Bb7 5.Bg5 Be7 6.Qc2 d5 7.cxd5 exd5 8.e3 O-O
9.Bd3 Ne4 10.Nxe4 dxe4 11.Bxe4 Bxe4 12.Qxe4 Nc6 13.h4 Bb4+ 14.Kf1 Ne7 15.a3 Bd6
16.h5 f6 17.h6 g6 18.Qe6+ Rf7 19.Bxf6 Qe8 20.Ng5 Qb5+ 21.Kg1 Rf8 22.Nxf7 Rxf7
23.Bxe7 Bxe7 24.Rh3 Kf8 25.Qc8+ Qe8 26.Qxe8+ Kxe8 27.f4 c5 28.d5 Bf6 29.Rb1 Rd7
30.e4 Bd4+ 31.Kf1 Re7 32.e5 g5 33.fxg5 Kf7 34.e6+ Kg6 35.Ke2 Kxg5 36.Rf1 Be5
37.Rf7 Bd6 38.Rf8 Rxe6+ 39.dxe6 Bxf8 40.Rf3  1-0

[Event "Easter Open 2013"]
[Site "Oberhausen GER"]
[Date "2013.03.30"]
[Round "4.2"]
[White "Levin,F"]
[Black "Rietman,F"]
[Result "1/2-1/2"]
[WhiteElo "2512"]
[BlackElo "2231"]

1.d4 Nf6 2.Nf3 e6 3.c4 b6 4.Nc3 Bb7 5.a3 d5 6.Bg5 Be7 7.Qa4+ c6 8.Bxf6 Bxf6
9.cxd5 exd5 10.g3 O-O 11.Bg2 Re8 12.O-O a5 13.Rfd1 Nd7 14.Qc2 Nf8 15.e3 Ne6
16.Ne1 g6 17.Rac1 Rc8 18.b4 axb4 19.axb4 Ba8 20.Qb3 c5 21.dxc5 Bxc3 22.Rxc3 d4
23.Bxa8 Rxa8 24.Rc4 Qf6 25.Qb2 bxc5 26.bxc5 Rab8 27.Qa1 Ra8 28.Qb2 Rab8 29.Qa1 Ra8  1/2-1/2

[Event "17th Neckar Open"]
[Site "Deizisau GER"]
[Date "2013.03.31"]
[Round "6.4"]
[White "Erdos,V"]
[Black "Heimann,An"]
[Result "1/2-1/2"]
[WhiteElo "2636"]
[BlackElo "2488"]

1.d4 Nf6 2.c4 e6 3.Nf3 b6 4.Nc3 Bb4 5.Qc2 Bb7 6.a3 Bxc3+ 7.Qxc3 d6 8.e3 Nbd7
9.Be2 O-O 10.O-O c5 11.b4 Rc8 12.Bb2 Qe7 13.dxc5 dxc5 14.b5 Rfd8 15.a4 Nf8
16.a5 Ng6 17.Rfd1 Rxd1+ 18.Rxd1 Rd8 19.a6 Bxf3 20.Bxf3 Rxd1+ 21.Bxd1 Qd6
22.Bc2 Ne8 23.g3 f6 24.f4 Kf7 25.h4 f5 26.h5 Nf8 27.Kg2 Nd7 28.e4 g6 29.Qe1 Nf8
30.Bc3 Qd8 31.hxg6+ hxg6 32.Bd1 Nf6 33.exf5 gxf5 34.Bf3 Ng6 35.Qe2 Qd6 36.Kf1 Qd8
37.Ke1 Qd7 38.Qe3 Qd8 39.Ke2 Qd7 40.Qg1 Qe8 41.Qa1 Qe7 42.Kd3 Qd7+ 43.Kc2 Qd8
44.Qh1 Qg8 45.Kb3 Nf8 46.Qh4 N8d7 47.Qh3 Qh7 48.Qg2 Qg8 49.Kc2 Qg6 50.Kb2 Ke7
51.Kb3 Qg8 52.Qh2 Kf7 53.Kc2 Qh7 54.Qg2 Qg6 55.Kd3 Ke7 56.Ke2 Qg8 57.Ke1 Ng4
58.Qh3 Ngf6 59.Bc6 Qg4 60.Qg2 Qg6 61.Kf2 Qh5 62.Bf3 Qg6 63.Kg1 Nh5 64.Kh2 Nhf6
65.Qe2 Ng4+ 66.Kg1 Ngf6 67.Qh2 Qh7 68.Qg2 Ng4 69.Bc6 Ngf6 70.Kf1 Qh5 71.Bf3 Qg6
72.Ke2 Nh5 73.Kf2 Nhf6 74.Ke1 Nh5 75.Kf2 Nhf6 76.Qh1 Qh7 77.Qh4 Kf7 78.Kg2 Qxh4
79.gxh4 Kg6 80.Bd2 Nh5 81.Be3 Nhf6 82.Kh3 Kh6 83.Bc6 Kg6 84.Bb7 Kf7 85.Kg3 Nh5+
86.Kf3 Nhf6 87.Bd2 e5 88.Kg3 e4 89.Be3 Ke6  1/2-1/2

[Event "ch-Moscow 2013"]
[Site "Moscow RUS"]
[Date "2013.03.31"]
[Round "9.8"]
[White "Reshetnikov,Al"]
[Black "Ulko,J"]
[Result "1-0"]
[WhiteElo "2496"]
[BlackElo "2444"]

1.d4 Nf6 2.c4 e6 3.Nf3 b6 4.Nc3 Bb7 5.g3 Bb4 6.Bg2 Bxc3+ 7.bxc3 Be4 8.O-O O-O
9.Re1 Nc6 10.Bf1 Bg6 11.Nh4 Bh5 12.Qd3 d5 13.cxd5 exd5 14.f3 h6 15.e4 dxe4
16.fxe4 Qd7 17.h3 Rad8 18.Bg2 Rfe8 19.Qf1 Nh7 20.e5 Ne7 21.g4 Bg6 22.Ba3 Qa4
23.Bb2 Ng5 24.Rad1 Qxa2 25.Rd2 Qb3 26.Nf5 Nd5 27.Ba1 a5 28.Rf2 Rd7 29.h4 Ne6
30.c4 Nb4 31.d5 Nd3 32.Re3 Nec5 33.Nxg7 Red8 34.Nh5 Bxh5 35.gxh5 Qxc4 36.e6 Nxe6
37.dxe6 Qc5 38.Rg3+ Kf8 39.exd7  1-0

[Event "Asian Juniors 2013"]
[Site "Sharjah UAE"]
[Date "2013.04.06"]
[Round "9.1"]
[White "Tran Tuan Minh"]
[Black "Narayanan,Sri"]
[Result "1/2-1/2"]
[WhiteElo "2310"]
[BlackElo "2440"]

1.d4 Nf6 2.Nf3 e6 3.c4 b6 4.Nc3 Bb7 5.a3 d5 6.Bg5 Be7 7.e3 O-O 8.Rc1 Nbd7
9.cxd5 exd5 10.Bd3 h6 11.Bf4 Nh5 12.Be5 Nxe5 13.Nxe5 Nf6 14.Bb1 Re8 15.O-O c5
16.Ng4 Qd7 17.Nxf6+ Bxf6 18.dxc5 bxc5 19.Ne4 Bxb2 20.Nxc5 Qc6 21.Qc2 Bxc1
22.Qh7+ Kf8 23.Rxc1 g6 24.Qh8+ Ke7 25.Qxh6 Rac8 26.Qh4+ Kf8 27.Qh8+ Ke7 28.Qd4 Kf8
29.h4 Kg8 30.h5 Qd6 31.hxg6 fxg6 32.Rc3 Rc7 33.Bc2 Kh7 34.f4 Bc8 35.Bb3 Bf5
36.Bxd5 Qb6 37.e4 Bg4 38.Kh2 Rec8 39.Rg3 Qxc5 40.Qxc5 Rc6 41.Rxg4 Rxc5 42.a4 Rf8
43.g3 a5 44.Kh3 Rc2 45.Rg5 Kh6 46.Kg4 Rc3 47.Re5 Ra3 48.Bc6 Rb8 49.Rb5 Rd8
50.Rd5 Rxd5 51.exd5 Rd3 52.Kh3 Kg7 53.Kg2 g5 54.Kf2 Kf6 55.Ke2 Rxg3 56.fxg5+ Kxg5
57.d6 Kf6 58.d7 Ke7 59.Kd2 Rg6 60.Bb5 Rd6+ 61.Kc3 Rxd7 62.Bxd7 Kxd7  1/2-1/2

[Event "1st Hofheim Open"]
[Site "Hofheim GER"]
[Date "2013.04.08"]
[Round "9.11"]
[White "Werner,Di"]
[Black "Meyner,H"]
[Result "1/2-1/2"]
[WhiteElo "2150"]
[BlackElo "2251"]

1.d4 Nf6 2.Nf3 e6 3.c4 b6 4.Nc3 Bb4 5.Qc2 Bb7 6.a3 Bxc3+ 7.Qxc3 Ne4 8.Qc2 f5
9.g3 O-O 10.Bg2 Nc6 11.O-O Qf6 12.e3 a5 13.b3 d6 14.Bb2 e5 15.dxe5 dxe5 16.Nxe5 Nxe5
17.f4 Qe7 18.Bxe5 Rad8 19.Rad1 Rxd1 20.Rxd1 Bc6 21.a4 Qc5 22.Bd4 Qb4 23.Be5 Qc5
24.Bd4 Qb4 25.Be5  1/2-1/2

[Event "10th Balagne Rapid KO"]
[Site "Calvi FRA"]
[Date "2013.04.14"]
[Round "2.2"]
[White "Svetushkin,D"]
[Black "Tkachiev,V"]
[Result "0-1"]
[WhiteElo "2588"]
[BlackElo "2632"]

1.d4 Nf6 2.c4 e6 3.Nf3 b6 4.Nc3 Bb7 5.Bg5 h6 6.Bh4 Be7 7.Qc2 d5 8.Bxf6 Bxf6
9.cxd5 exd5 10.e3 O-O 11.O-O-O c5 12.h4 cxd4 13.exd4 Bc8 14.Ne5 Na6 15.Bxa6 Bxa6
16.g4 Rc8 17.Kb1 Bxe5 18.dxe5 d4 19.g5 dxc3 20.Rxd8 Rfxd8 21.Qa4 c2+  0-1

[Event "TCh-HUN 2012-13"]
[Site "Budapest HUN"]
[Date "2013.04.21"]
[Round "9"]
[White "Bakos,B"]
[Black "Kiss,At"]
[Result "1/2-1/2"]
[WhiteElo "2376"]
[BlackElo "2356"]

1.d4 Nf6 2.c4 e6 3.Nf3 b6 4.Nc3 Bb7 5.Bg5 h6 6.Bh4 g5 7.Bg3 Nh5 8.Qc2 Nxg3
9.hxg3 Bg7 10.e3 Nc6 11.a3 Qe7 12.g4 O-O-O 13.Bd3 h5 14.gxh5 g4 15.Nd2 f5
16.O-O-O Qg5 17.Ne2 Rxh5 18.Rhg1 Kb8 19.Kb1 Rh2 20.Rc1 Rc8 21.Qa4 Qh4 22.Nf1 Rh1
23.Nfg3 Rxg1 24.Rxg1 Rh8 25.Qd1 Qg5 26.Bc2 Rh2 27.Nf1 Rh8 28.Nfg3 Rh2 29.Nf1 Rh8  1/2-1/2

[Event "ch-KGZ Women 2013"]
[Site "Bishkek KGZ"]
[Date "2013.05.06"]
[Round "6"]
[White "Shyngys Kyzy,A"]
[Black "Musaeva,Shakhnazi"]
[Result "1/2-1/2"]
[WhiteElo "1764"]
[BlackElo "1521"]

1.d4 Nf6 2.c4 e6 3.Nf3 b6 4.Nc3 Bb7 5.Bg5 d5 6.Ne5 dxc4 7.Qa4+ c6 8.Qxc4 Be7
9.Qa4 O-O 10.Rd1 b5 11.Qc2 Qb6 12.e3 a6 13.Bd3 h6 14.Bxf6 Bxf6 15.Ng4 Be7
16.O-O c5 17.Be4 cxd4 18.Bxb7 Qxb7 19.exd4 Rd8 20.a3 b4 21.axb4 Qxb4 22.Qe4 Ra7
23.Rd3 Rad7 24.Rg3 Qxd4 25.Nxh6+ Kf8 26.Qh7 Bf6 27.Qg8+ Ke7 28.Qxf7+ Kd6
29.Qg6 Kc7 30.Nf7 Re8 31.Ng5 Ree7 32.Qc2 Nc6 33.Rd1 Qc4 34.h3 Rxd1+ 35.Qxd1 Rd7
36.Qe1 Nd4 37.Nge4 Be5 38.Nd2 Qc5 39.Rg5 Bh2+ 40.Kxh2 Qxg5 41.Nc4 Qc5 42.Ne5 Re7  1/2-1/2

[Event "5th Alexander The Great Open 2013"]
[Site "Porto Carras GRE"]
[Date "2013.05.10"]
[Round "5.11"]
[White "Lekatis,I"]
[Black "Grapsa,G"]
[Result "1/2-1/2"]
[WhiteElo "1687"]
[BlackElo "1997"]

1.d4 Nf6 2.Nf3 b6 3.c4 e6 4.Nc3 Bb4 5.Qc2 Bb7 6.Bd2 O-O 7.e3 d5 8.cxd5 exd5
9.Bd3 Re8 10.O-O Nbd7 11.Nb5 Bxd2 12.Nxd2 Ba6 13.Rac1 c5 14.Nd6 Bxd3 15.Qxd3 Re6
16.Nf5 g6 17.Ng3 c4 18.Qa3 b5 19.Nf3 h6 20.Qb4 a5 21.Qd2 b4 22.a3 b3 23.Rfe1 Ne4
24.Qd1 f5 25.Ne2 g5 26.Nd2 Nb6 27.Nxe4 fxe4 28.Nc3 Qe7 29.Qg4 Kg7 30.Re2 Rf8
31.Rce1 Ref6 32.Rf1 Kg6 33.h4 Rf5 34.f4 exf3 35.Rxf3 h5 36.Qg3 g4 37.Rxf5 Rxf5
38.Qb8 Qf6 39.Qg3 Rf1+ 40.Kh2 Rc1 41.Rf2 Qe7 42.e4 Rc2 43.Rf5 Rxc3 44.Qxc3 Qxh4+
45.Kg1 g3 46.Qe3 dxe4 47.Rxa5 Qg4 48.Qe1 Qh4 49.Qe3 Qg4  1/2-1/2

[Event "7th IBC Limburg Open"]
[Site "Limburg NED"]
[Date "2013.05.17"]
[Round "1.5"]
[White "Dobrov,V"]
[Black "Mostertman,M"]
[Result "1-0"]
[WhiteElo "2541"]
[BlackElo "2285"]

1.d4 Nf6 2.c4 e6 3.Nf3 b6 4.Nc3 Ba6 5.Qa4 Bb7 6.Bg5 Be7 7.e3 O-O 8.Be2 c5
9.O-O cxd4 10.Nxd4 Nc6 11.Rfd1 Qb8 12.Bf4 e5 13.Bg3 Nxd4 14.exd4 d6 15.Rd2 Re8
16.dxe5 dxe5 17.Re1 Qc7 18.Bf1 Bf8 19.Qc2 Nh5 20.Nb5 Qb8 21.Red1 Nxg3 22.hxg3 Bc6
23.Nd6 Re6 24.c5 bxc5 25.Nxf7 Kxf7 26.Bc4 Kf6 27.g4 e4 28.g5+ Ke7 29.Bxe6 Kxe6
30.Qc4+ Ke5 31.Rd5+ Bxd5 32.Qxd5+ Kf4 33.g3+ Kg4 34.Qxe4+ Kxg5 35.Rd5+ Kh6
36.Qh4+ Kg6 37.Qh5+ Kf6 38.Qf5+ Ke7 39.Rd7+ Ke8 40.Qf7+  1-0

[Event "Open Hradec Kralove 2013"]
[Site "Hradec Kralove CZE"]
[Date "2013.05.18"]
[Round "5"]
[White "Chmelik,Ladislav"]
[Black "Novotny,L"]
[Result "1/2-1/2"]
[WhiteElo "1786"]
[BlackElo "1956"]

1.d4 Nf6 2.Nf3 e6 3.c4 b6 4.Nc3 Bb7 5.e3 Bb4 6.a3 Bxc3+ 7.bxc3 O-O 8.Bd3 d6
9.O-O c5 10.Re1 Nc6 11.d5 Na5 12.e4 e5 13.Bg5 h6 14.Bh4 Bc8 15.h3 g5 16.Nxg5 hxg5
17.Bxg5 Kg7 18.Qf3 Rh8 19.h4 Kg6 20.Re3 Bg4 21.Bxf6 Bxf3 22.Bxd8 Raxd8 23.Rxf3 Rxh4
24.Rh3  1/2-1/2

[Event "Victory Day Open 2013"]
[Site "Moscow RUS"]
[Date "2013.05.18"]
[Round "9.3"]
[White "Rozanov,P"]
[Black "Dvalishvili,P"]
[Result "1-0"]
[WhiteElo "2269"]
[BlackElo "2429"]

1.d4 Nf6 2.c4 e6 3.Nf3 b6 4.Nc3 Bb7 5.a3 g6 6.e3 Bg7 7.Be2 O-O 8.b4 d6 9.O-O Nbd7
10.Bb2 Qe7 11.Qb3 Ne4 12.Nxe4 Bxe4 13.Nd2 Bb7 14.Bf3 Bxf3 15.Nxf3 f5 16.c5 bxc5
17.dxc5 Bxb2 18.Qxb2 dxc5 19.bxc5 Rab8 20.Qa2 Nxc5 21.Rac1 Ne4 22.Rc6 Rb6
23.Rfc1 Rxc6 24.Rxc6 Re8 25.Nd4 Nd6 26.h3 Qf7 27.Qc2 Re7 28.Ra6 f4 29.Rxa7 fxe3
30.fxe3 e5 31.Ra8+ Re8 32.Rxe8+ Qxe8 33.Nf3 e4 34.Qb3+ Kg7 35.Qc3+ Kh6 36.Nh2 Qe7
37.a4 Kg5 38.a5 Nb5 39.Qc6 Qb4 40.Ng4 Qb2 41.Qd5+ Kh4 42.Kh2 Nd6 43.a6 h5  1-0

[Event "10th Orlova Open"]
[Site "Orlova CZE"]
[Date "2013.05.19"]
[Round "7.4"]
[White "Melzer,Patrik"]
[Black "Chlevistan,J"]
[Result "0-1"]
[WhiteElo "2105"]
[BlackElo "2119"]

1.d4 Nf6 2.Nf3 e6 3.c4 b6 4.Nc3 Bb7 5.Bf4 Be7 6.e3 O-O 7.Bd3 c5 8.O-O cxd4
9.exd4 d5 10.Qe2 Nc6 11.cxd5 Nxd5 12.Nxd5 Qxd5 13.Qe4 Qxe4 14.Bxe4 Rac8 15.Rfd1 Rfd8
16.Rac1 Bf6 17.Be3 Nxd4 18.Rxc8 Nxf3+ 19.Bxf3 Bxc8 20.Rxd8+ Bxd8 21.Kf1 f5
22.Ke2 Kf7 23.b4 e5 24.Bc6 Ke6 25.f4 Bc7 26.g3 Bd7 27.Bb7 Bb5+ 28.Kd2 exf4
29.gxf4 g5 30.Bc8+ Bd7 31.Bxd7+ Kxd7 32.fxg5 Bxh2 33.Kd3 Ke6 34.a4 f4 35.Bd4 Kf5
36.b5 f3 37.a5 bxa5 38.Bxa7 Kxg5 39.Ke4 Kg4 40.Bb6 a4 41.Bc5 a3 42.Kd3 a2
43.Bd4 Kg3 44.b6 f2 45.Ke2 Kg2  0-1

[Event "Gligoric Cup 2013"]
[Site "Banja Koviljaca SRB"]
[Date "2013.05.23"]
[Round "4.3"]
[White "Djuric,S"]
[Black "Solomunovic,I"]
[Result "1/2-1/2"]
[WhiteElo "2459"]
[BlackElo "2443"]

1.d4 Nf6 2.c4 e6 3.Nf3 b6 4.Nc3 Bb7 5.a3 d5 6.Bg5 Be7 7.e3 O-O 8.Bd3 dxc4
9.Bxc4 Nbd7 10.O-O c5 11.Qe2 Ne4 12.Bxe7 Qxe7 13.Nxe4 Bxe4 14.dxc5 Nxc5 15.b4 Nd7
16.Rac1  1/2-1/2

[Event "OKU Open A 2013"]
[Site "Maarssen NED"]
[Date "2013.06.02"]
[Round "5.4"]
[White "Lalic,B"]
[Black "Van Foreest,Jorden"]
[Result "1-0"]
[WhiteElo "2493"]
[BlackElo "2227"]

1.d4 Nf6 2.c4 e6 3.Nf3 b6 4.Nc3 Bb7 5.Bg5 Bb4 6.e3 h6 7.Bh4 g5 8.Bg3 Ne4
9.Nd2 Nxg3 10.hxg3 Bxc3 11.bxc3 d6 12.Rh2 Nd7 13.Be2 Qf6 14.a4 a5 15.Bf3 Bxf3
16.gxf3 e5 17.Qb1 Kf8 18.Qb5 Qe6 19.Qc6 Rc8 20.Ke2 f5 21.Rah1 Kg7 22.f4 exf4
23.gxf4 gxf4 24.Rg1+ Kf7 25.Rhg2 Rhg8 26.Rxg8 Rxg8 27.Rxg8 Kxg8 28.Qxc7 fxe3
29.fxe3 f4 30.e4 Nf6 31.Qxb6 Qg4+ 32.Kd3 Qg3+ 33.Kc2 f3 34.e5 Ng4 35.Qb8+ Kf7
36.Qb7+ Ke6 37.Qd5+ Kd7 38.Qxd6+  1-0

[Event "27th Pula Open 2013"]
[Site "Pula CRO"]
[Date "2013.06.08"]
[Round "1.13"]
[White "Kainz,J"]
[Black "Loncar,R"]
[Result "1-0"]
[WhiteElo "1951"]
[BlackElo "2402"]

1.d4 Nf6 2.c4 e6 3.Nf3 b6 4.Nc3 Bb4 5.Bg5 h6 6.Bd2 Bb7 7.Qb3 Be7 8.g3 Nc6
9.e4 O-O 10.d5 Na5 11.Qa4 exd5 12.cxd5 c5 13.Bd3 a6 14.Ne2 c4 15.Bc2 Nxd5
16.exd5 Bxd5 17.Ned4 Nc6 18.O-O Bxf3 19.Qxc4 Nxd4 20.Qxd4 Bc6 21.Qd3 f5 22.Rfe1 Bg5
23.Bb4 Rf7 24.Bb3 d5 25.Rad1 Kh8 26.Re5 Qd7 27.h4 Bf6 28.Rxf5 a5 29.Bc3 Bxc3
30.Rxf7 Qxf7 31.Bc2 Kg8 32.Qh7+ Kf8 33.bxc3 Rd8 34.Rd4 Rd6 35.Rf4 Rf6 36.Bg6 Qg8
37.Rxf6+ gxf6 38.Qxh6+ Qg7 39.Qxg7+ Kxg7 40.Bf5 d4 41.cxd4 Bd5 42.a3 b5 43.Kf1 b4
44.axb4 a4 45.b5 a3 46.Bb1 a2 47.Bxa2 Bxa2 48.b6 Bd5 49.Ke2 Kg6 50.Ke3 Kf5
51.f3 Ke6 52.Kf4 Bb7 53.h5 Kf7 54.g4 Ke6 55.Ke3 Kf7 56.f4 Ke6 57.h6 Kf7 58.g5 Kg6
59.f5+ Kh7 60.gxf6 Kxh6 61.Kf4 Kh7 62.Ke5 Kg8 63.Ke6 Kf8 64.d5 Ke8 65.f7+ Kf8
66.d6 Ba6 67.d7  1-0

[Event "7th Srebrno Jezero Open 2013"]
[Site "Srebrno jezero SRB"]
[Date "2013.06.18"]
[Round "7.6"]
[White "Nestorovic,De"]
[Black "Rajkovic,Du"]
[Result "1/2-1/2"]
[WhiteElo "2428"]
[BlackElo "2386"]

1.d4 Nf6 2.c4 e6 3.Nf3 b6 4.Nc3 Bb4 5.Qd3 a5 6.a3 Bxc3+ 7.Qxc3 Bb7 8.Bg5 d6
9.Bh4 Nbd7 10.e3 O-O 11.Be2 c5 12.O-O Qc7 13.dxc5 bxc5 14.Nd2 a4 15.Bd1 Bc6
16.Bc2 Rfb8 17.Rab1 Rb6 18.f3 h6 19.Bg3 Nh5 20.Be1 Nhf6 21.Bg3 Nh5  1/2-1/2

[Event "8th Teplice Open 2013"]
[Site "Teplice CZE"]
[Date "2013.06.19"]
[Round "5.11"]
[White "Lechtynsky,J"]
[Black "Burg,T"]
[Result "0-1"]
[WhiteElo "2361"]
[BlackElo "2481"]

1.d4 Nf6 2.Nf3 e6 3.c4 b6 4.Nc3 Bb7 5.Bg5 h6 6.Bh4 Bb4 7.e3 g5 8.Bg3 Ne4
9.Qc2 f5 10.Bd3 h5 11.d5 Bxc3+ 12.bxc3 Nxg3 13.hxg3 Qf6 14.e4 Na6 15.exf5 O-O-O
16.O-O-O exd5 17.cxd5 Nc5 18.Bc4 Rde8 19.Rd4 Rh7 20.Kb2 a6 21.a4 Kb8 22.Re1 Rxe1
23.Nxe1 Re7 24.Nd3 Ne4 25.Nb4 Nd6 26.Nxa6+ Kc8 27.Bd3 Re5 28.Nb4 c5 29.dxc6 dxc6
30.Qb3 c5 31.Nd5 Qd8 32.Nxb6+ Kb8 33.Rxd6 Qxd6 34.Qg8+ Ka7 35.Nc8+ Bxc8 36.Qxc8 Rd5
37.Bc2 Rd2 38.Qe6 Qd3 39.Qf7+ Ka6 40.Qe6+ Ka5 41.Qb3 Rxf2 42.f6 Qd7 43.Qc4 Kb6
44.Kb1 Rxf6 45.Bd3 Qc6 46.Be4 Qd6 47.Bd3 Ka7 48.a5 Qc7 49.Qd5 Qb7+ 50.Qxb7+ Kxb7
51.Kc2 Ka7 52.Kb3 Re6 53.Kc4 Re3 54.Bg6 Rxg3 55.Bxh5 g4 56.Kxc5 Rxg2 57.Kd4 g3
58.Ke3 Rb2 59.Kd4  0-1

[Event "7th Varna Open 2013"]
[Site "Varna BUL"]
[Date "2013.06.20"]
[Round "2.3"]
[White "Chatalbashev,B"]
[Black "Spassov,L"]
[Result "1/2-1/2"]
[WhiteElo "2560"]
[BlackElo "2335"]

1.d4 Nf6 2.c4 e6 3.Nf3 b6 4.Nc3 Bb7 5.e3 Bb4 6.Bd3 O-O 7.O-O d5 8.Bd2 dxc4
9.Bxc4 Nbd7 10.Qe2 c5 11.dxc5 Nxc5 12.Rfd1 Qe7 13.a3 Bxc3 14.Bxc3 Rfd8 15.b4 Nce4
16.Be1 Rac8 17.Rxd8+ Qxd8 18.Rd1 Qc7 19.Ba6 Bxa6 20.Qxa6 h6 21.h3 Nd5 22.Nd4 Nd6
23.b5 Qc4 24.Bb4 Nxb4 25.axb4 Rc7 26.Qa4 e5 27.Nf3 Qxb5 28.Qa1 Nc4 29.Rd8+ Kh7
30.Qd1 g6 31.h4 Qc6 32.h5 Kg7 33.hxg6 fxg6 34.Nd4 Qf6 35.Nb5 Rf7 36.f3 Nxe3  1/2-1/2

[Event "7th Varna Open 2013"]
[Site "Varna BUL"]
[Date "2013.06.23"]
[Round "5.17"]
[White "Spassov,L"]
[Black "Petkov,H"]
[Result "1/2-1/2"]
[WhiteElo "2335"]
[BlackElo "2054"]

1.d4 Nf6 2.c4 e6 3.Nf3 b6 4.Nc3 Bb7 5.a3 Be7 6.d5 d6 7.e4 e5 8.Bd3 O-O 9.O-O Bc8
10.Nd2 g6 11.b4 a5 12.Rb1 axb4 13.axb4 Nh5 14.Re1 Nf4 15.Bf1 f5 16.g3 Nh5
17.exf5 Bxf5 18.Nde4 Nf6 19.f3 Nxe4 20.fxe4 Bc8 21.Bg2 Bg5 22.Qe2 Bd7 23.h4 Bxc1
24.Rexc1 Qc8 25.c5 bxc5 26.bxc5 Bg4 27.Qe3 Bh3 28.Rb2 Bxg2 29.Kxg2 Ra3 30.Qg5 Qa6
31.Rf2 Rxf2+ 32.Kxf2 Nd7 33.c6 Nf8 34.Qe3 Rb3 35.Rb1 Rxb1 36.Nxb1 Qa1 37.Nd2 Kg7
38.Qf3 Qa4 39.Ke2 h6 40.Qb3 Qxb3 41.Nxb3  1/2-1/2

[Event "4th AIMAG Women"]
[Site "Incheon KOR"]
[Date "2013.06.30"]
[Round "1.6"]
[White "Taweesupmun,C"]
[Black "Nakhbayeva,G"]
[Result "0-1"]
[WhiteElo "1837"]
[BlackElo "2339"]

1.d4 Nf6 2.c4 e6 3.Nf3 b6 4.Nc3 Bb4 5.g3 Ba6 6.Qb3 c5 7.a3 Ba5 8.Bd2 Nc6
9.dxc5 bxc5 10.Nb5 Ne4 11.Qc2 Nxd2 12.Nxd2 Bxb5 13.cxb5 Nd4 14.Qd1 Bxd2+
15.Kxd2 Qa5+ 16.Kc1 Qxb5 17.Kb1 Rb8 18.Ra2 O-O 19.e3 Qc6 20.Bd3 Nb3 21.Re1 d5
22.Bc2 c4 23.f4 a5 24.a4 Nc5 25.Ra3 Rb4 26.Qd4 Rfb8 27.Ra2 Nxa4 28.Bxa4 Rxa4
29.Rxa4 Qxa4 30.Qc3 h6 31.e4 Rb3 32.Qd4 Qb4 33.Re2 Rd3 34.Qf2 Rd1+  0-1

[Event "XXII Anderssen Mem Final A"]
[Site "Wroclaw POL"]
[Date "2013.06.30"]
[Round "1.1"]
[White "Moranda,W"]
[Black "Czerwonski,A"]
[Result "1-0"]
[WhiteElo "2570"]
[BlackElo "2377"]

1.d4 Nf6 2.c4 e6 3.Nf3 b6 4.Nc3 Bb4 5.Bg5 Bb7 6.Nd2 h6 7.Bh4 Bxc3 8.bxc3 d6
9.f3 Nbd7 10.e4 e5 11.Be2 Qe7 12.Nf1 g5 13.Bf2 Nh5 14.Ne3 Ng7 15.h4 O-O-O
16.Nd5 Qe6 17.Qa4 Kb8 18.c5 exd4 19.c6 Nc5 20.Qxd4 Bxc6 21.Qxg7 Bxd5 22.exd5 Qxd5
23.Bxc5 dxc5 24.Rd1 Qxa2 25.Kf2 Rde8 26.Rhe1 gxh4 27.Qf6 Rhg8 28.Kf1 h3 29.gxh3 Kb7
30.Rd7 Qa4 31.Qxf7 Qc6 32.Rxc7+ Qxc7 33.Ba6+ Kc6 34.Bb5+ Kb7 35.Qxc7+ Kxc7
36.Rxe8 Rg3 37.Kf2 Rxh3 38.Re7+ Kd6 39.Rxa7 Rh2+ 40.Kg3 Rb2 41.c4  1-0